000
00257nam a22001217a 4500
003
SGT
082
_a
616.5
_b
M09F
100
_a
FARRAR, JEREMY
245
_a
MANSON'S TROPICAL DISEASES
260
_a
US
_b
ELSEVIER
_c
2009
300
_a
1337
942
_2
ddc
_c
BK
999
_c
14869
_d
14869